[Event "Bratislava exe op"]
[Site "Bratislava"]
[Date "2023.09.19"]
[Round "5"]
[White "Pasti, Zsombor"]
[Black "Brida, Lukas"]
[Result "1-0"]
[WhiteElo "2041"]
[BlackElo "1825"]
[PlyCount "117"]
[EventDate "2023.09.15"]
[EventType "swiss"]
[EventRounds "9"]
[EventCountry "SVK"]
[SourceTitle "CBM 216 Extra"]
[Source "ChessBase"]
[SourceDate "2023.11.30"]
[SourceVersion "1"]
[SourceVersionDate "2023.11.30"]
[SourceQuality "1"]

1. e4 e5 2. d4 exd4 3. Nf3 Nc6 4. Bc4 Nf6 5. e5 d5 6. Bb5 Nd7 7. 0-0 Be7 8. Bxc6 bxc6 9. Nxd4 Nb8 10. f4 c5 11. Nb3 Nc6 12. c3 0-0 13. Qe2 a5 14. Qb5 Bd7 15. Qe2 a4 16. N3d2 Qc8 17. Nf3 Qa6 18. Qc2 g6 19. h3 Bf5 20. Qf2 Rab8 21. g4 Bd3 22. Re1 Nd8 23. Nh2 f5 24. exf6 Qxf6 25. Qe3 Be4 26. Nd2 Qxf4 27. Nxe4 Qxe3+ 28. Rxe3 dxe4 29. Rxe4 a3 30. b3 Bf6 31. Rc4 Ra8 32. Bh6 Re8 33. Rxc5 c6 34. Rf1 Bg7 35. Bxg7 Kxg7 36. Nf3 Re2 37. Rf2 Rb2 38. Nd4 Ra6 39. Kf1 Rb1+ 40. Kg2 Rb2 41. b4 Ra7 42. Re5 Nf7 43. Ree2 Rxe2 44. Rxe2 Nd8 45. Re8 c5 46. Rxd8 cxd4 47. Rxd4 Kf6 48. b5 Ke5 49. Rb4 Kd5 50. Kf3 Kc5 51. b6 Rb7 52. Kf4 Rxb6 53. Rxb6 Kxb6 54. Ke4 Kc5 55. Kd3 g5 56. c4 h6 57. Kc3 Kc6 58. Kb4 Kb6 59. Kxa3 1-0

[Event "Pardubice rapid op 34th"]
[Site "Pardubice"]
[Date "2023.07.20"]
[Round "4"]
[White "Brida, Lukas"]
[Black "Soural, Jan"]
[Result "0-1"]
[WhiteElo "1785"]
[BlackElo "2176"]
[PlyCount "39"]
[EventDate "2023.07.19"]
[EventType "swiss (rapid)"]
[EventRounds "9"]
[EventCountry "CZE"]
[SourceTitle "CBM 215 Extra"]
[Source "ChessBase"]
[SourceDate "2023.09.30"]
[SourceVersion "1"]
[SourceVersionDate "2023.09.30"]
[SourceQuality "1"]

1. c4 g6 2. g3 Bg7 3. Bg2 c6 4. Nc3 Nf6 5. e4 d6 6. d4 0-0 7. Nf3 Qa5 8. 0-0 Qh5 9. Re1 Bg4 10. Qd3 Na6 11. a3 e5 12. b4 exd4 13. Nxd4 Nd7 14. f4 c5 15. Nc2 cxb4 16. axb4 Nb6 17. Ra5 Nxb4 18. Nxb4 Qxa5 19. Ncd5 Nxd5 20. Nxd5 0-1

[Event "Liptovsky Jan op"]
[Site "Liptovsky Jan"]
[Date "2022.06.25"]
[Round "5"]
[White "Ihnat, Marek1"]
[Black "Brida, Lukas"]
[Result "1-0"]
[WhiteElo "2059"]
[BlackElo "1673"]
[PlyCount "79"]
[EventDate "2022.06.23"]
[EventType "swiss"]
[EventRounds "7"]
[EventCountry "SVK"]
[SourceTitle "CBM 209 Extra"]
[Source "ChessBase"]
[SourceDate "2022.09.30"]
[SourceVersion "1"]
[SourceVersionDate "2022.09.30"]
[SourceQuality "1"]

1. e4 c5 2. Nf3 Nc6 3. d4 cxd4 4. Nxd4 Nf6 5. Nc3 e5 6. Ndb5 d6 7. Bg5 a6 8. Na3 b5 9. Nd5 Be7 10. Bxf6 Bxf6 11. c3 0-0 12. Nc2 Rb8 13. h4 g6 14. g3 Bg7 15. h5 Bb7 16. Nce3 Ne7 17. hxg6 hxg6 18. Bh3 Nxd5 19. Nxd5 Bxd5 20. Qxd5 Qb6 21. Rd1 Rfd8 22. 0-0 Qc5 23. Bg4 a5 24. Rd3 Bf6 25. Rfd1 Be7 26. Be2 Kg7 27. Rf3 Bf6 28. g4 g5 29. Kg2 b4 30. Qd2 d5 31. exd5 e4 32. Rf5 Qd6 33. Rh1 Rh8 34. Rh5 Rxh5 35. gxh5 bxc3 36. bxc3 Rc8 37. c4 Rb8 38. Qxa5 Bd4 39. Rxg5+ Kh6 40. Qd2 1-0

[Event "SVK-chT2B 2122"]
[Site "Slovakia"]
[Date "2021.10.17"]
[Round "2.7"]
[White "Gyuricsek, Szilard"]
[Black "Brida, Lukas"]
[Result "1-0"]
[WhiteElo "1817"]
[BlackElo "1674"]
[PlyCount "73"]
[EventDate "2021.10.16"]
[EventType "team-tourn"]
[EventRounds "11"]
[EventCountry "SVK"]
[SourceTitle "EXT 2023"]
[Source "ChessBase"]
[SourceDate "2022.10.05"]
[SourceVersion "1"]
[SourceVersionDate "2022.10.05"]
[SourceQuality "1"]
[WhiteTeam "Komarno II"]
[BlackTeam "Topolcany II"]
[WhiteTeamCountry "SVK"]
[BlackTeamCountry "SVK"]

1. e4 c5 2. Nf3 Nc6 3. b3 e5 4. Bb2 d6 5. c3 Nf6 6. Qc2 Be7 7. Be2 0-0 8. 0-0 Bg4 9. a4 Rc8 10. Re1 Nh5 11. h3 Bxf3 12. Bxf3 Nf4 13. Na3 g6 14. Bg4 f5 15. exf5 h5 16. f6 hxg4 17. fxe7 Qxe7 18. hxg4 Qh4 19. Nc4 Nh3+ 20. gxh3 Rxf2 21. Qxg6+ Kh8 22. Qh5+ Qxh5 23. gxh5 Rf6 24. Rf1 Rg8+ 25. Kh2 Rgf8 26. Rxf6 Rxf6 27. Rg1 d5 28. Ne3 Ne7 29. Rf1 Rxf1 30. Nxf1 Kh7 31. Kg3 Kh6 32. Kg4 e4 33. Bc1 Nc6 34. d4+ Kg7 35. dxc5 Ne5+ 36. Kf5 Nd3 37. Bf4 1-0

[Event "SVK-ch Amateurs"]
[Site "Topolcany"]
[Date "2021.08.06"]
[Round "1"]
[White "Bielik, Miroslav"]
[Black "Brida, Lukas"]
[Result "1-0"]
[WhiteElo "2103"]
[BlackElo "1729"]
[PlyCount "55"]
[EventDate "2021.08.06"]
[EventType "swiss"]
[EventRounds "7"]
[EventCountry "SVK"]
[SourceTitle "EXT 2022"]
[Source "ChessBase"]
[SourceDate "2021.10.06"]
[SourceVersion "1"]
[SourceVersionDate "2021.10.06"]
[SourceQuality "1"]

1. d4 d5 2. Nf3 Nf6 3. Bf4 c5 4. e3 Nc6 5. Be2 Qb6 6. Nc3 cxd4 7. exd4 a6 8. Na4 Qa5+ 9. c3 Ne4 10. b4 Qd8 11. Qb3 e6 12. Nc5 Bd6 13. Bxd6 Nxd6 14. 0-0 0-0 15. Bd3 b6 16. Na4 b5 17. Nc5 a5 18. a4 Qb6 19. axb5 Ne7 20. Ne5 Rd8 21. Ra2 f6 22. Nf3 Bd7 23. Rfa1 a4 24. Rxa4 Rxa4 25. Qxa4 Bxb5 26. Qc2 Bxd3 27. Qxd3 Nc4 28. Ra6 1-0

[Event "Liptovsky Jan Slovak op U2200"]
[Site "Liptovsky Jan"]
[Date "2021.06.20"]
[Round "7"]
[White "Brida, Lukas"]
[Black "Vastik, Tomas"]
[Result "1-0"]
[WhiteElo "1683"]
[BlackElo "1222"]
[PlyCount "69"]
[EventDate "2021.06.17"]
[EventType "swiss"]
[EventRounds "7"]
[EventCountry "SVK"]
[SourceTitle "CBM 203 Extra"]
[Source "ChessBase"]
[SourceDate "2021.09.30"]
[SourceVersion "1"]
[SourceVersionDate "2021.09.30"]
[SourceQuality "1"]

1. d4 d5 2. c4 e6 3. Nf3 h6 4. Nc3 Nc6 5. e4 dxe4 6. Nxe4 Nf6 7. Nxf6+ Qxf6 8. Be2 Be7 9. 0-0 0-0 10. Be3 b6 11. Qc2 Bb7 12. Rfd1 Rfd8 13. a3 Bd6 14. b4 Ne7 15. d5 exd5 16. Bd4 Qg6 17. Bd3 Qh5 18. c5 Bf4 19. Qc3 f6 20. g3 Be5 21. Nxe5 fxe5 22. Bxe5 d4 23. Bxd4 Rxd4 24. Qxd4 Qf3 25. Kf1 Qh1+ 26. Ke2 Bf3+ 27. Kd2 Bxd1 28. Rxd1 Qxh2 29. Qc4+ Kh8 30. Qe4 Qxf2+ 31. Kc1 g6 32. Qe5+ Kg8 33. Bc4+ Kh7 34. Qxe7+ Kh8 35. Rf1 1-0

[Event "Liptovsky Jan Slovak op U2200"]
[Site "Liptovsky Jan"]
[Date "2021.06.20"]
[Round "6"]
[White "Sygulski, Piotr"]
[Black "Brida, Lukas"]
[Result "1-0"]
[WhiteElo "1819"]
[BlackElo "1683"]
[PlyCount "53"]
[EventDate "2021.06.17"]
[EventType "swiss"]
[EventRounds "7"]
[EventCountry "SVK"]
[SourceTitle "CBM 203 Extra"]
[Source "ChessBase"]
[SourceDate "2021.09.30"]
[SourceVersion "1"]
[SourceVersionDate "2021.09.30"]
[SourceQuality "1"]

1. d4 d5 2. c4 c6 3. Nc3 Nf6 4. Nf3 e6 5. e3 Nbd7 6. Bd3 dxc4 7. Bxc4 b5 8. Bd3 Bd6 9. 0-0 0-0 10. b3 Bb7 11. Bb2 a6 12. Qe2 c5 13. Rfd1 Qb6 14. Rac1 Rfd8 15. Bb1 Rac8 16. e4 cxd4 17. Nxd4 Bc5 18. Nc2 a5 19. Ne1 Ne5 20. h3 Ba6 21. Nd5 exd5 22. Bxe5 Nxe4 23. Bxe4 dxe4 24. Qxe4 Bxf2+ 25. Kh1 Bb7 26. Qg4 Qg6 27. Rxc8 1-0

[Event "SVK-ch rapid"]
[Site "Topolcany"]
[Date "2020.07.11"]
[Round "3"]
[White "Brida, Lukas"]
[Black "Valent, Ivan"]
[Result "0-1"]
[WhiteElo "1819"]
[BlackElo "2221"]
[PlyCount "26"]
[EventDate "2020.07.11"]
[EventType "swiss (rapid)"]
[EventRounds "9"]
[EventCountry "SVK"]
[SourceTitle "CBM 197 Extra"]
[Source "ChessBase"]
[SourceDate "2020.09.30"]
[SourceVersion "1"]
[SourceVersionDate "2020.09.30"]
[SourceQuality "1"]

1. d4 Nf6 2. Nf3 d6 3. g3 Nbd7 4. Bg2 e5 5. dxe5 dxe5 6. 0-0 Be7 7. b3 c6 8. Bb2 Qc7 9. Nbd2 0-0 10. Nc4 e4 11. Ng5 Nc5 12. b4 Ne6 13. a3 Nxg5 0-1

[Event "SVK-chT2B 0708"]
[Site "Slovakia"]
[Date "2008.02.02"]
[Round "8.6"]
[White "Brida, Lukas"]
[Black "Balko, Dominik"]
[Result "1-0"]
[WhiteElo "1805"]
[BlackElo "2018"]
[PlyCount "111"]
[EventDate "2007.10.06"]
[EventType "team-tourn"]
[EventRounds "11"]
[EventCountry "SVK"]
[SourceTitle "EXT 2010"]
[Source "ChessBase"]
[SourceDate "2010.11.25"]
[SourceVersion "1"]
[SourceVersionDate "2010.11.25"]
[SourceQuality "1"]
[WhiteTeam "Partizanske SK Neomax"]
[BlackTeam "Nitra SPU II"]
[WhiteTeamCountry "SVK"]
[BlackTeamCountry "SVK"]

1. d4 c6 2. e4 d5 3. Nc3 dxe4 4. Nxe4 Bf5 5. Ng3 Bg6 6. h4 h6 7. Nf3 Nd7 8. h5 Bf5 9. Nxf5 Qa5+ 10. Bd2 Qxf5 11. Bd3 Qe6+ 12. Qe2 Qxe2+ 13. Kxe2 0-0-0 14. a4 e6 15. a5 a6 16. Bf4 Ngf6 17. c3 Be7 18. b4 Nd5 19. Bd2 f6 20. Rhb1 Nc7 21. c4 f5 22. b5 Bf6 23. Bf4 Nb8 24. Be5 cxb5 25. cxb5 Nd5 26. Rc1+ Kd7 27. Bc4 Ke7 28. Bxd5 Rxd5 29. Rc7+ Rd7 30. Rac1 axb5 31. Bxf6+ gxf6 32. d5 exd5 33. Nd4 Re8 34. Kd3 Rxc7 35. Rxc7+ Kd6 36. Nxb5+ Ke5 37. Rxb7 Nc6 38. Nc7 Rc8 39. a6 Rxc7 40. Rxc7 Nb4+ 41. Ke2 Nxa6 42. Rh7 Nc5 43. Rxh6 Ne6 44. g3 f4 45. g4 Nd4+ 46. Kd3 Ne6 47. Rh8 f5 48. f3 fxg4 49. fxg4 d4 50. Ke2 Ke4 51. Re8 Kd5 52. h6 Ng5 53. Rg8 f3+ 54. Kf2 d3 55. Rxg5+ Ke4 56. Rg8 1-0